000 00596nam a2200193 i 4500
001 31861
003 ES-MaACL
005 20250518063237.0
007 t|
008 030130s1933 sp ||||1| spa d
100 1 _aBeethoven, Ludwig van,
_d1770-1827
_9240507
245 1 0 _aEpistolario /
_cde Ludwig van Beethoven ; traducción española por Augusto Barrado.
260 _aMadrid :
_bBolaños y Aguilar,
_c1933.
300 _a269 p. ;
_c19 cm.
700 1 _aBarrado, Augusto.
_925820
852 _aES-MaACL
_jA-5330
_bR.18336
852 _aES-MaACL
_jB-8482
999 _c31861
_d31861